000 00920cam a22002411 4500
001 pa 67000113
003 DLC
005 20260227111857.0
008 831231s1966 dcu i000 0 spa
010 _apa 67000113
035 _a(OCoLC)21648373
040 _aDLC
_cCU
_dTxEU
_dDLC
042 _apremarc
050 0 0 _aLB2325
_b.F3
245 0 4 _aLas facultades de educación y la renovación educativa /
_cJuan Carlos Agulla, Emilio Barrantes, Valnir Chagas, Raúl Osorio
260 _aWashington :
_bDepartamento de Asuntos Educativos, Unión Panamericana, Secretaría General, Organización de los Estados Americanos,
_c1966
300 _a65 p. ;
_c28 cm
504 _aBibliography: p. 48-49
650 0 _aEducation, Higher
_zLatin America
650 0 _aEducation, Higher
_zLatin America
_xAims and objectives
700 1 _aAgulla, Juan Carlos.
710 2 _aPan American Union.
_bDepartment of Educational Affairs.
999 _c51609
_d51609